000
00290nam a22001337a 4500
008
221118b ||||| |||| 00| 0 eng d
041
_a
eng
080
_a
94
082
_a
94 SOM
100
_a
28
101
_a
HIS
245
_a
ATOMBAU UND SPEKTRALLINIEN
_c
SOMMERFELD A
942
_2
udc
_c
BK
999
_c
58949
_d
58949